000 01204nam a22002537a 4500
005 2008070709489.0
008 080707t xxu||||| |||| 00| f hin d
010 _aHIN-83750
020 _c225.00
_a0144001586
035 _aHN-56096
037 _bDBAD / PUB
040 _aDPL
_bHN
082 _a
100 _aगुरूचरण दास
245 _aकहानी एक परिवार की /
_cगुरूचरण दास; नरेंद्र सैनी द्वारा अनुदित
246 _aKahani ek parivar kee
_bby Gurcharn Das; translated by
260 _aनई दिल्ली
_bपेंगुइन बुक्स
_c2005
270 _a11, कम्युनिटी सेंटर, पंचशील पार्क
_bनई दिल्ली
_e110017
300 _a395पृ
_c22सेमी(अजिल्द)
650 _aHindi Novels
700 _aसैनी, नरेंद्र
942 _2ddc
_cHN
_h
_mगुरच
999 _c14240
_d14240